Statistics for Euroleague Teams 2022-2023 Quiz

Click here to take the quiz!

General Stats

  • This quiz has been taken 800 times
  • The average score is 16 of 18

Answer Stats

CountryTeam% Correct
SpainFC Barcelona
98%
SpainReal Madrid
98%
ItalyEA7 Emporio Armani Milan
97%
GermanyFC Bayern Munich
96%
IsraelMaccabi Playtika Tel Aviv
95%
SerbiaPartizan NIS Belgrade
95%
SerbiaCrvena Zvezda mts Belgrade
93%
GreeceOlympiacos Piraeus
93%
LithuaniaZalgiris Kaunas
91%
GermanyALBA Berlin
90%
TurkeyAnadolu Efes Istanbul
90%
GreecePanathinaikos Athens
90%
TurkeyFenerbahce Beko Istanbul
89%
SpainValencia Basket
89%
FranceAS Monaco
88%
SpainCazoo Baskonia Vitoria-Gasteiz
86%
FranceLDLC ASVEL Villeurbanne
85%
ItalyVirtus Segafredo Bologna
84%

Score Distribution

Percentile by Number Answered

Percent of People with Each Score

Your Score History

You have not taken this quiz